000 00966cam a2200337 a 4500
001 17041606
003 OSt
005 20140310182902.0
008 111110s2011 ph a b 000 0beng
010 _a 2011308485
020 _a9789710091072
040 _aDLC
_cDLC
_dDLC
042 _alcode
_apcc
043 _aa-ph---
050 0 0 _aGV 1785
_b.So714 2011
082 _aFIL 792.802809220
_b.S714 2011
100 1 _aSoriano, Gicky.
245 1 4 _aThe last man dancing
_bthe Nestor de Villa story
_cSoriano, Gicky
260 _aManila, Philippines
_bOMF Literature
_c2011
300 _a218 p.
_bill.
_c22 cm.
504 _aIncludes bibliographical references.
521 _aCollege
526 _c1210L-1700L
541 _j1
562 _e1
600 1 0 _aDe Villa, Nestor,
_d1928-2004.
650 0 _aDancers
_zPhilippines
_vBiography.
906 _a7
_bcbc
_corigode
_d3
_encip
_f20
_gy-gencatlg
942 _2lcc
_cBK
_kFIL
999 _c17109
_d17109